[Event "Quebec op"]
[Site "Montreal"]
[Date "1988.07.31"]
[Round "8"]
[White "Savage, Philippe"]
[Black "Zalys, Ignas"]
[Result "0-1"]
[WhiteElo "1700"]
[BlackElo "1895"]
[PlyCount "130"]
[EventDate "1988.07.24"]
[EventType "swiss"]
[EventRounds "8"]
[EventCountry "CAN"]
[SourceTitle "EXT 2002"]
[Source "ChessBase"]
[SourceDate "2001.11.25"]
[SourceVersion "1"]
[SourceVersionDate "2001.11.25"]
[SourceQuality "1"]

1. e4 c5 2. Nf3 Nc6 3. d4 cxd4 4. Nxd4 Nf6 5. Nc3 e5 6. Ndb5 d6 7. Bg5 a6 8. Na3 b5 9. Nd5 Be7 10. Nxe7 Qxe7 11. f3 0-0 12. c3 Bb7 13. Nc2 Qe6 14. Qd2 Rfd8 15. Ne3 Ne7 16. c4 Rac8 17. b3 h6 18. Bxf6 Qxf6 19. Rd1 Qh4+ 20. Qf2 Qxf2+ 21. Kxf2 b4 22. Nf5 Nxf5 23. exf5 d5 24. Bd3 d4 25. Rhe1 f6 26. a3 a5 27. axb4 axb4 28. Ra1 Ra8 29. Ke2 Bc6 30. Kd2 Kf7 31. Kc2 Ke7 32. Kb2 Kd6 33. Rxa8 Rxa8 34. Ra1 Re8 35. Ra6 Kc5 36. Ra7 e4 37. fxe4 Bxe4 38. Bxe4 Rxe4 39. Rxg7 Re2+ 40. Kc1 d3 41. Rd7 Rc2+ 42. Kd1 Rc3 43. Rd5+ Kc6 44. Kd2 Rxb3 45. Rxd3 Rb2+ 46. Kc1 Rxg2 47. Rd5 Rxh2 48. Rb5 Rf2 49. Rxb4 Rxf5 50. Rb8 Kd6 51. Kd2 Re5 52. Kd3 h5 53. Kd4 Rg5 54. Rb6+ Ke7 55. c5 h4 56. Rb7+ Ke6 57. Rb6+ Kf5 58. c6 Rg8 59. c7 Rc8 60. Rc6 h3 61. Ke3 h2 62. Rc1 Kg4 63. Kf2 Rxc7 64. Rf1 Rc2+ 65. Ke3 f5 0-1